JA Pye (Oxford) Ltd and another v Graham and another (Record no. 67164)

MARC details
000 -LEADER
fixed length control field 01982cam a2200253 4500
001 - CONTROL NUMBER
control field ABS64050
008 - FIXED-LENGTH DATA ELEMENTS--GENERAL INFORMATION
fixed length control field 000000n2001 000 0 eng u
035 ## - SYSTEM CONTROL NUMBER
System control number (Sirsi) u112819
245 ## - TITLE STATEMENT
Title JA Pye (Oxford) Ltd and another v Graham and another
260 ## - PUBLICATION, DISTRIBUTION, ETC.
Date of publication, distribution, etc. 2001
490 ## - SERIES STATEMENT
Series statement Estates Gazette
Volume/sequential designation [2001] 18 EG 176-183(8)
520 ## - SUMMARY, ETC.
Summary, etc. CA 6 February 2001. Appellants J acquired an area of farmland containing the disputed land, with the intention of holding the disputed land until planning permission could be obtained for development. J made a succession of arrangements relating to the disputed land with defendants G who owned the adjoining property, and between 1986 and 1999 G grazed, maintained and fertilised the disputed land. J acquired the disputed land by transfer in 1985, and applied for possession of land to recover the land from G who had claimed adverse possession. The court held that G had established intention to possess and rejected J's claim for possession. J appealed. Appeal allowed; G did not demonstrate the required intention to possess and no adverse possession took place. Moreover, the European Convention on Human Rights First Protocol Article 1 does not impinge upon the Limitation Act 1980 and the acquisition of title by adverse possession. Copy of judgement available on http://porch.ccta.gov.uk/courtser/judgements.nsf/6ff876ba66f8361a8025683c00411386/1214f9677599f6fd80256a24003f2c86?OpenDocument
590 ## - LOCAL NOTE (RLIN)
Local note ABS
650 ## - SUBJECT ADDED ENTRY--TOPICAL TERM
Topical term or geographic name entry element ADVERSE POSSESSION
650 ## - SUBJECT ADDED ENTRY--TOPICAL TERM
Topical term or geographic name entry element LAND OWNERSHIP
650 ## - SUBJECT ADDED ENTRY--TOPICAL TERM
Topical term or geographic name entry element POSSESSION
650 ## - SUBJECT ADDED ENTRY--TOPICAL TERM
Topical term or geographic name entry element LIMITATION ACT 1980
650 ## - SUBJECT ADDED ENTRY--TOPICAL TERM
Topical term or geographic name entry element JA PYE (OXFORD) LTD V GRAHAM
650 ## - SUBJECT ADDED ENTRY--TOPICAL TERM
Topical term or geographic name entry element CONVENTION FOR THE PROTECTION OF HUMAN RIGHTS AND FUNDAMENTAL FREEDOMS FIRST PROTOCOL ART 1
650 ## - SUBJECT ADDED ENTRY--TOPICAL TERM
Topical term or geographic name entry element HUMAN RIGHTS ACT 1998
690 ## - LOCAL SUBJECT ADDED ENTRY--TOPICAL TERM (OCLC, RLIN)
Topical term or geographic name as entry element PROPERTY AND LAND LAW-CASE LAW
856 ## - ELECTRONIC LOCATION AND ACCESS
Uniform Resource Identifier <a href="https://porch.ccta.gov.uk/courtser/judgements.nsf/6ff876ba66f8361a8025683c00411386/1214f9677599f6fd80256a24003f2c86?OpenDocument">https://porch.ccta.gov.uk/courtser/judgements.nsf/6ff876ba66f8361a8025683c00411386/1214f9677599f6fd80256a24003f2c86?OpenDocument</a>
942 ## - ADDED ENTRY ELEMENTS (KOHA)
Suppress in OPAC 0
Holdings
Withdrawn status Lost status Source of classification or shelving scheme Damaged status Not for loan Home library Current library Shelving location Date acquired Total Checkouts Full call number Barcode Date last seen Copy number Price effective from Koha item type
    Dewey Decimal Classification     London London Journal article 29/05/2001   ABS64050 112819-1001 06/08/2019 1 06/08/2019 Law report